| 000 | 00417nam a2200169Ia 4500 | ||
|---|---|---|---|
| 003 | LK-CoDNM | ||
| 005 | 20240122113233.0 | ||
| 008 | 010623t1934 xxu||||| |||| 00| 1 sin d | ||
| 040 |
_aLK-CoDNM _dLK-CoDNM _eLK-CoDNM |
||
| 041 | _asin | ||
| 080 |
_a104 _bK 18 |
||
| 100 | _aPiyaratna Thero,Baddegama | ||
| 245 | _aPayasi Rajanna Sutta | ||
| 260 |
_bMaha Bhodi _aColombo _c1934 |
||
| 300 | _b77p, 21 cm | ||
| 942 | _cBK | ||
| 999 |
_c97087 _d97087 |
||